Povrchová modifikácia hydroxyapatitu pre výrobu biodegradovateľných a bioaktívnych kompozitov z polyméru kyseliny mliečnej bakalárska práca

Guardado en:
Detalles Bibliográficos
Autor principal: Orlovská, Martina
Formato: Libro
Lenguaje:eslovaco
Publicado: Bratislava STUFCHPT 2015
Acceso en línea:Ver en el OPAC
Etiquetas: Agregar Etiqueta
Sin Etiquetas, Sea el primero en etiquetar este registro!

MARC

LEADER 00000nam a2200000 a 4500
005 20260127134029.0
008 151124 2015 000 0 slo d
035 |a vtls011423952 
039 9 |y 201511240856  |z mschk03 
040 |a STUSCHK1  |b slo  |c STUSCHK1  |e AACR2 
100 1 |a Orlovská, Martina 
245 1 |a Povrchová modifikácia hydroxyapatitu pre výrobu biodegradovateľných a bioaktívnych kompozitov z polyméru kyseliny mliečnej  |b bakalárska práca  |c Martina Orlovská 
260 |a Bratislava  |b STUFCHPT  |c 2015 
300 |a 46 s.  |b il.  |c 25 cm 
500 |a Študijný program: chémia, medicínska chémia a chemické materiály 
500 |a Študijný odbor: chémia, chemické technológie 
500 |a Školiace pracovisko: Odd. keramiky, skla a cementu 
500 |a Evid. číslo: FCHPT-13569-61175 
910 |a SCHK95 
999 |c 2455  |d 2455